Una donna per il nostro tempo. (Record n. 18524)

Dettagli MARC
000 -LEADER
fixed length control field 00974nam a2200217Ia 4500
003 - CONTROL NUMBER IDENTIFIER
control field IT-RoPAU
005 - DATE AND TIME OF LATEST TRANSACTION
control field 20220918175545.0
008 - FIXED-LENGTH DATA ELEMENTS--GENERAL INFORMATION
fixed length control field 120407s9999 xx 000 0 und d
040 ## - CATALOGING SOURCE
Original cataloging agency IT-RoPAU
Transcribing agency 20131216150415.0
040 ## - CATALOGING SOURCE
Transcribing agency IT-RoPAU
041 ## - LANGUAGE CODE
Language code of text/sound track or separate title ita
100 ## - MAIN ENTRY--PERSONAL NAME
Personal name Lucarini, Spartaco
9 (RLIN) 5539
245 ## - TITLE STATEMENT
Title Una donna per il nostro tempo.
Remainder of title Suor Tecla Merlo.
250 ## - EDITION STATEMENT
Edition statement II° Ed.
260 ## - PUBLICATION, DISTRIBUTION, ETC. (IMPRINT)
Place of publication, distribution, etc. Alba
Name of publisher, distributor, etc. Tip. FSP
Date of publication, distribution, etc. 1975
300 ## - PHYSICAL DESCRIPTION
Dimensions 21 cm
Extent 207 pp.
490 ## - SERIES STATEMENT
Series statement Edizioni Paoline
520 ## - SUMMARY, ETC.
Summary, etc. Indice<br/><br/>La fragile sarta di Castagnito d'Alba<br/>Un'opera nuova per il nuovo secolo<br/>Il primo drappello intorno a "Maestra Tecla"<br/>Il richiamo di Roma<br/>Il salto dei continenti<br/>I primi viaggi oltre l'oceano<br/>Gli anni della guerra<br/>Approvate le "suore della stampa"<br/>Da un continente all'altro<br/>Seminare e raccogliere<br/>Molta azione, molta preghiera<br/>Al traguardo dopo la lunga corsa<br/>Tanti istituti una sola madre<br/>La "cella" interiore di Tecla Merlo
942 ## - ADDED ENTRY ELEMENTS (KOHA)
Koha item type LIBRO
Source of classification or shelving scheme Dewey Decimal Classification
Dati di copia
Withdrawn status Lost status Source of classification or shelving scheme Damaged status Not for loan Home library Current library Date acquired Total Checkouts Full call number Date last seen Price effective from Koha item type
    Dewey Decimal Classification Buone Condizioni Not For Loan PAULUS-BIBLIOTECA PAULUS-BIBLIOTECA 11/04/2012   P B4 11/04/2012 11/04/2012 LIBRO
CREDITS: SOCIETA' SAN PAOLO Via A.Severo, 58 - ROMA (RM) & PERIODICI SAN PAOLO SRL Via Giotto, 36 MILANO & CISF Via Giotto, 36 MILANO & EDIZIONI SAN PAOLO SRL,  Piazza Soncino, 5 CINISELLO BALSAMO (MI) -- ITALY